000 01021nas a2200325 4500
001 BR9201547
003 BR-BrBNA
005 20231205092420.0
007 ta
008 230509b bl.|||p| |||| 00| 00por d
040 _aBR-BrBNA
_bpor
_cBiblioteca Nacional de Agricultura
041 _a(Pt)
072 _aF01
100 1 _aCampo-Dall'Orto, F.A.
100 1 _aOjima, M.
100 1 _aBarbosa, W.
100 1 _aSantos, R.R. dos
100 1 _aMartins, F.P.
100 1 _aSabino, J.C.
245 1 _aNespereiras enxertadas em marmeleiro: nova opcao de producao frutifera sob elevado adensamento de plantio
246 1 _a[Scion of Eriobotrya japonica/quinces tree: a new option of fruit production in a great planting density!
650 _aNESPERA
650 _aENXERTO
650 _aMARMELO
650 _aPORTA ENXERTO
650 _aPLANTIO
773 0 _tAgronomico (Brazil)
_xISSN 0365-2726
_g(1990), v. 42(1) p. 17-27
_wBR9201547
909 _a202311
_bLúcia
_c55
_dLúcia Elande
942 _2AGRIS
_n0
_cANA
999 _c131558
_d131558